[Event "St Chely d'Aubrac op 10th"]
[Site "St Chely d'Aubrac"]
[Date "2010.07.15"]
[Round "7"]
[White "Ferrer, Lauriane"]
[Black "Bou, Georges"]
[Result "1-0"]
[WhiteElo "1650"]
[BlackElo "1473"]
[PlyCount "87"]
[EventDate "2010.07.10"]
[EventType "swiss"]
[EventRounds "9"]
[EventCountry "FRA"]
[SourceTitle "CBM 137 Extra"]
[Source "ChessBase"]
[SourceDate "2010.09.01"]
[SourceVersion "1"]
[SourceVersionDate "2010.09.01"]
[SourceQuality "1"]

1. e4 e5 2. Nf3 Nc6 3. Bc4 Bc5 4. b4 Bxb4 5. c3 Ba5 6. d4 exd4 7. Nxd4 Nxd4 8. Qxd4 Qf6 9. e5 Qg6 10. 0-0 Ne7 11. Ba3 Bb6 12. Qf4 Qf5 13. Qg3 Ng6 14. Re1 c5 15. Nd2 0-0 16. Nb3 Re8 17. Bd3 Qf4 18. Bxg6 Qxg3 19. hxg3 hxg6 20. Bxc5 Bc7 21. Bd6 Bxd6 22. exd6 Rxe1+ 23. Rxe1 Kf8 24. Re7 b6 25. Nd4 a5 26. Nb5 Kg8 27. Re8+ Kh7 28. Nc7 Rb8 29. Nd5 b5 30. Ne7 b4 31. cxb4 axb4 32. Rxc8 Rb6 33. Nd5 Rxd6 34. Nxb4 Rb6 35. Nd3 d6 36. Ra8 Rb1+ 37. Kh2 g5 38. a4 g4 39. a5 f5 40. a6 Ra1 41. a7 Kg6 42. Nb4 Ra4 43. Nc6 Ra6 44. Rc8 1-0

[Event "St Chely d'Aubrac op 10th"]
[Site "St Chely d'Aubrac"]
[Date "2010.07.10"]
[Round "1"]
[White "Ferrer, Lauriane"]
[Black "Moingt, Anne"]
[Result "1/2-1/2"]
[WhiteElo "1650"]
[BlackElo "2184"]
[PlyCount "91"]
[EventDate "2010.07.10"]
[EventType "swiss"]
[EventRounds "9"]
[EventCountry "FRA"]
[SourceTitle "CBM 137 Extra"]
[Source "ChessBase"]
[SourceDate "2010.09.01"]
[SourceVersion "1"]
[SourceVersionDate "2010.09.01"]
[SourceQuality "1"]

1. e4 c5 2. Nf3 d6 3. d4 cxd4 4. Nxd4 Nf6 5. Nc3 e6 6. Be3 Be7 7. Be2 Nc6 8. Qd2 0-0 9. 0-0-0 d5 10. exd5 exd5 11. f3 Be6 12. g4 Re8 13. h4 Bb4 14. Bb5 Rc8 15. h5 Nd7 16. Nf5 Bxf5 17. gxf5 Qf6 18. h6 Nb6 19. Bxb6 axb6 20. hxg7 Bxc3 21. bxc3 Red8 22. Qh2 Kxg7 23. Rdg1+ Kf8 24. Qxh7 Ke7 25. Re1+ Kd7 26. Rh6 Qg5+ 27. f4 Qxf4+ 28. Kb2 Rf8 29. Rf6 Kc7 30. Bxc6 bxc6 31. Re7+ Kb8 32. Rfxf7 Rxf7 33. Qxf7 Rc7 34. f6 Qf1 35. a4 Rxe7 36. Qxe7 d4 37. cxd4 Qc4 38. c3 Qd3 39. Qd6+ Kb7 40. Qd7+ Ka6 41. Qxc6 Qd2+ 42. Kb3 Qd1+ 43. Kc4 Qf1+ 44. Kb3 Qd1+ 45. Kc4 Qf1+ 46. Kb3 1/2-1/2

[Event "Selestat op-B 13th"]
[Site "Selestat"]
[Date "2006.02.??"]
[Round "3"]
[White "Bieber, Hannah"]
[Black "Ferrer, Lauriane"]
[Result "0-1"]
[WhiteElo "1110"]
[BlackElo "1540"]
[PlyCount "62"]
[EventDate "2006.02.23"]
[EventType "swiss"]
[EventRounds "7"]
[EventCountry "FRA"]
[SourceTitle "CBM 111 Extra"]
[Source "ChessBase"]
[SourceDate "2006.05.09"]
[SourceVersion "1"]
[SourceVersionDate "2006.05.09"]
[SourceQuality "1"]

1. e4 c5 2. Nc3 Nc6 3. f4 e6 4. Nf3 d5 5. exd5 exd5 6. Be2 Bg4 7. 0-0 Nf6 8. Re1 Be7 9. Ne5 Bxe2 10. Rxe2 Nxe5 11. fxe5 Ng4 12. Re1 Qd7 13. d3 0-0-0 14. e6 fxe6 15. Qxg4 Rhf8 16. Rxe6 Rf7 17. Ne2 Rdf8 18. h3 Rf1+ 19. Kh2 Qc7+ 20. Ng3 Kb8 21. Qxg7 Bd6 22. Qxc7+ Kxc7 23. h4 Rg8 24. h5 Rxg3 25. b3 Rg6+ 26. Kh3 Rxe6 27. Bb2 Re3+ 28. Kg4 Rg3+ 29. Kh4 Rf5 30. Re1 Rfg5 31. Bf6 R5g4# 0-1

[Event "FRA-ch U12 Girls"]
[Site "Aix les Bains"]
[Date "2006.??.??"]
[Round "8"]
[White "Ferrer, Lauriane"]
[Black "Neuhauser, Salome"]
[Result "0-1"]
[WhiteElo "1540"]
[BlackElo "1798"]
[PlyCount "96"]
[EventDate "2006.04.16"]
[EventType "swiss"]
[EventRounds "9"]
[EventCountry "FRA"]
[SourceTitle "EXT 2007"]
[Source "ChessBase"]
[SourceDate "2006.11.23"]
[SourceVersion "1"]
[SourceVersionDate "2006.11.23"]
[SourceQuality "1"]

1. e4 c5 2. Nf3 d6 3. d4 cxd4 4. Nxd4 Nf6 5. Nc3 g6 6. f4 Nbd7 7. Bb5 a6 8. Ba4 b5 9. Bb3 Bb7 10. Bd5 Bxd5 11. exd5 Nb6 12. Nc6 Qc7 13. 0-0 b4 14. Nxb4 Qc5+ 15. Kh1 Qxb4 16. f5 Qc5 17. Qe1 Nbxd5 18. Nxd5 Qxd5 19. fxg6 hxg6 20. Rxf6 Bg7 21. Rf3 Be5 22. h3 Rc8 23. c3 Rc4 24. Bd2 Rg4 25. Qf2 Rgh4 26. Kg1 f6 27. Bf4 g5 28. Bxe5 dxe5 29. Rg3 Rf4 30. Qe2 a5 31. b3 Rhh4 32. Rd1 Qc5+ 33. Qe3 Qa3 34. Qe2 g4 35. Rxg4 Rfxg4 36. hxg4 Qc5+ 37. Qf2 Rh1+ 38. Kxh1 Qxf2 39. c4 Qxa2 40. Rc1 Qxb3 41. c5 Kd7 42. c6+ Kc7 43. Rc5 a4 44. g5 Qd1+ 45. Kh2 Qh5+ 46. Kg1 Qxg5 47. Kf2 Qf4+ 48. Ke1 Qe3+ 0-1